000 00614nam a22001815i 4500
001 168818
003 ES-MaACL
005 20230906213911.0
008 080612s1971 sz |||| | fre d
080 _a811.131.1'366.3
100 1 _aSallaz, Max H.
_9137937
245 1 2 _aI verbi italiani
_b: raccolta ad uso degli allievi di lingua straniera /
_ccompilata de Max H. Sallaz.
250 _a13e. ed.
260 _aLausanne :
_bPayot,
_c1971.
300 _a96 p. ;
_c18 cm.
650 1 4 _aLengua italiana-
_xConjugación.
_9137938
852 _aES-MaACL
_jE-12189
_9R.190392
_z.- Biblioteca Jacinto Martínez Lacalle
999 _c168818
_d168818